The Earnshaw neighbourhood /

Saved in:
Bibliographic Details
Main Author: Caldwell, Erskine, 1903-1987
Format: Book
Language:English
Published: London : Joseph, 1972.
LEADER 00919nam a2200241 i 4500
001 c000078680
003 CARM
005 00000000000000.0
008 720128r19721971enk 00011 eng d
015 |a B7203352 
019 1 |a 3557851  |z 11096745  |5 LACONCORD2021 
020 |a 0718109902 :  |c L.1.90 
035 |a (OCoLC)16206223  |5 LACONCORD2021 
100 1 |a Caldwell, Erskine,  |d 1903-1987. 
245 1 4 |a The Earnshaw neighbourhood /  |c Erskine Caldwell. 
260 |a London :  |b Joseph,  |c 1972. 
300 |a [9], 179 p. ;  |c 21cm. 
500 |a Fiction in English, 1900-. Texts (BNB/PRECIS) 
500 |a Originally published, New York: World Publishing Co., 1971. 
852 8 |b CARM  |h A2:AG09H0  |i A00765  |p 0103358  |f BK 
082 0 4 |a 823/.9/1  |2 18 
999 f f |i 651cbf87-457a-5165-b74e-8366dae46e1f  |s a1404777-07e4-58d3-895f-d23eb43e23a6 
952 f f |p Can circulate  |a CAVAL  |b CAVAL  |c CAVAL  |d CARM 1 Store  |e A00765  |f A2:AG09H0  |h Other scheme  |i book  |m 0103358